000
00242nam a2200097Ia 4500
001
805681
005
20250826171157.0
008
250824s9999 xx 000 0 und d
245
0
_a
MAHUR BESTE
_c
AHMET HAMDİ TANPINAR
260
_b
DERGAH YAYINLARI
999
_c
805681
_d
805681